00394 2200157 4500001002100000005001500021035002000036245004900056100001800105300002600123260003100149082000800180084001400188020002200202990001200224INLIS00000000000304620250919073823 a0010-09250003931 aX-Press UN Bahasa Indonesia /cTIM Progresif0 aTIM Progresif a128 hlm ;c21 x 26 cm aJakarta :bErlangga,c2018 a400 a400 TIM x a978-602-434-996-7 a0755589